Social Media Marketing Emerging Concepts and Applications /

This book focuses on the role of social media as the next major game-changer. Social media has emerged as the defining trend in the last decade and continues to restructure communication and interactions between individuals, communities, governments and businesses. Researchers and marketers are stil...

Πλήρης περιγραφή

Λεπτομέρειες βιβλιογραφικής εγγραφής
Συγγραφή απο Οργανισμό/Αρχή: SpringerLink (Online service)
Άλλοι συγγραφείς: Heggde, Githa (Επιμελητής έκδοσης, http://id.loc.gov/vocabulary/relators/edt), Shainesh, G. (Επιμελητής έκδοσης, http://id.loc.gov/vocabulary/relators/edt)
Μορφή: Ηλεκτρονική πηγή Ηλ. βιβλίο
Γλώσσα:English
Έκδοση: Singapore : Springer Singapore : Imprint: Palgrave Macmillan, 2018.
Έκδοση:1st ed. 2018.
Θέματα:
Διαθέσιμο Online:Full Text via HEAL-Link
LEADER 05398nam a2200505 4500
001 978-981-10-5323-8
003 DE-He213
005 20191220125549.0
007 cr nn 008mamaa
008 180208s2018 si | s |||| 0|eng d
020 |a 9789811053238  |9 978-981-10-5323-8 
024 7 |a 10.1007/978-981-10-5323-8  |2 doi 
040 |d GrThAP 
050 4 |a HF5415.1265 
072 7 |a KJS  |2 bicssc 
072 7 |a BUS090030  |2 bisacsh 
072 7 |a KJS  |2 thema 
082 0 4 |a 658.872  |2 23 
245 1 0 |a Social Media Marketing  |h [electronic resource] :  |b Emerging Concepts and Applications /  |c edited by Githa Heggde, G. Shainesh. 
250 |a 1st ed. 2018. 
264 1 |a Singapore :  |b Springer Singapore :  |b Imprint: Palgrave Macmillan,  |c 2018. 
300 |a XXIII, 226 p. 35 illus., 26 illus. in color.  |b online resource. 
336 |a text  |b txt  |2 rdacontent 
337 |a computer  |b c  |2 rdamedia 
338 |a online resource  |b cr  |2 rdacarrier 
347 |a text file  |b PDF  |2 rda 
505 0 |a SECTION I: Conceptual issues in Social Media -- Chapter 1. How Social Media will Impact Marketing Media -- Chapter 2. Social Media Marketing: Evolution And Change -- Chapter 3. Uniqueness Of Social In The Overall "Social, Mobility, Analytics and Cloud" Stack -- Chapter 4. Lifecycle of information on the web: Implications for Aggregator Sites' -- Chapter 5. Shadow Side of Social Media Marketing -- SECTION II: Understanding Digital Consumers -- Chapter 6. Exploring The Relationship Between Perceived Benefits And Social Media Brands Using Discriminant Analysis -- Chapter 7. The Influence of Trust and Ease of Use of Social Media Platforms on South Africa's Generation Y: Social Media Use, Intention and Information sharing -- Chapter 8. Decoding Digital Consumer Feedback: Customer Intelligence Insights Through Unstructured Data Mining -- SECTION III: Integrating Social Media for Marketing -- Chapter 9. Social Media Marketing, Corporate Social Responsibility, and Social Change in India -- Chapter 10. Future of Social CRM -- Chapter 11. Sales Professionals' Use of Social Media to Create and Deploy Social Capital in US and Indian Firms -- SECTION IV: Social Media Applications and Case Studies -- Chapter 12. Influence of Social Media Marketing on Healthcare and Automobile Sectors in India -- Chapter 13. A Critical Analysis on Consumer Protection in Social Media Selling with Reference to Disclosures -- Chapter 14. Case Study: Portea -- Chapter 15. Case Study: QWICKCILVER. A A A A A A . 
520 |a This book focuses on the role of social media as the next major game-changer. Social media has emerged as the defining trend in the last decade and continues to restructure communication and interactions between individuals, communities, governments and businesses. Researchers and marketers are still struggling with the profound impact of rapidly evolving social media on viral user-generated content, its ability to shape consumer perceptions, and the constantly changing landscape for developing business cases to proactively engage with stakeholders. The growing opportunities to "hear" about customer priorities and concerns on company managed channels as well as third party review sites, including social media pages, across the digital space are accompanied by the challenges of responding to these conversations in real-time, which calls for a massive shift in the way marketing functions engage in dialogue with customers. As leading users of social media in emerging markets, Indians are increasingly logging into their Facebook and Twitter accounts, with the country recording the highest growth in social networking. This book begins by discussing the impact of social media on marketing, from brand building, communications, and advertising to customization and customer engagement. The book approaches the subject matter systematically, identifying broad trends, concepts and frameworks in the first few chapters. It then goes on to address the varied application of social media in marketing for different sectors. Primarily focusing on understanding digital consumers, the book integrates social media with marketing and the outcome. It also presents new, selected cases of successful digital companies in emerging markets never before considered. Researchers and managers alike will find this book to be a handy reference guide to social media in emerging markets. 
650 0 |a Internet marketing. 
650 0 |a Globalization. 
650 0 |a Markets. 
650 0 |a Industrial management. 
650 1 4 |a Online Marketing/Social Media.  |0 http://scigraph.springernature.com/things/product-market-codes/513010 
650 2 4 |a Emerging Markets/Globalization.  |0 http://scigraph.springernature.com/things/product-market-codes/525010 
650 2 4 |a Media Management.  |0 http://scigraph.springernature.com/things/product-market-codes/513020 
700 1 |a Heggde, Githa.  |e editor.  |4 edt  |4 http://id.loc.gov/vocabulary/relators/edt 
700 1 |a Shainesh, G.  |e editor.  |4 edt  |4 http://id.loc.gov/vocabulary/relators/edt 
710 2 |a SpringerLink (Online service) 
773 0 |t Springer eBooks 
776 0 8 |i Printed edition:  |z 9789811053221 
776 0 8 |i Printed edition:  |z 9789811053245 
776 0 8 |i Printed edition:  |z 9789811353659 
856 4 0 |u https://doi.org/10.1007/978-981-10-5323-8  |z Full Text via HEAL-Link 
912 |a ZDB-2-BUM 
950 |a Business and Management (Springer-41169)